| 000 | 00374nam a22001577a 4500 | ||
|---|---|---|---|
| 003 | OSt | ||
| 008 | 231025b |||||||| |||| 00| 0 eng d | ||
| 020 | _a9788183601795 | ||
| 041 | _aeng | ||
| 082 |
_a628.01 _bGUP/WA |
||
| 100 |
_aGupta, C.D _aGupta, V.K _95527 |
||
| 245 | _aWater Supply Handbook | ||
| 260 |
_aNew Delhi _bJain Brothers _c2012 |
||
| 300 | _a316 | ||
| 942 | _cBK | ||
| 999 |
_c14231 _d14231 |
||